000
00299 a2200133 4500
001
153558
040
_c
Escola São Tomás de Aquino
100
_a
MACEDO, Joaquim Manuel
240
1
0
_a
A moreninha
_l
por
245
1
0
_a
A moreninha
362
0
_a
1998
697
_a
LITERATURA BRASILEIRA
942
_c
BK
999
_c
153558
_d
153558